Score 0/20 Timer 05:00
1 Play Today
Column Food % Correct
Bananas
99.2%
Bread
99%
Blueberries
97.3%
Brownie
97%
Bacon
96.9%
Bagels
96.7%
Broccoli
95.1%
Bell Peppers
88%
Bleu Cheese
87.3%
Burrito
87.3%
Column Food % Correct
Brussels Sprouts
85.4%
Beets
76.2%
Black Beans
70.2%
Basil
70.2%
Bologna
69.7%
Buffalo Wings
65.4%
Baklava
50.8%
Bok Choy
49.1%
Blintzes
23.4%
Baba Ganoush
16.9%
Remove Ads.
Support Sporcle.
Get the best of Sporcle when you Go Orange. This ad-free experience offers more features, more stats, and more fun while also helping to support Sporcle. Thank you for becoming a member.

You're not logged in!

Compare scores with friends on all Sporcle quizzes.
OR
Log In

Show Comments

Extras

Top Quizzes Today


Score Distribution

Your Account Isn't Verified!

In order to create a playlist on Sporcle, you need to verify the email address you used during registration. Go to your Sporcle Settings to finish the process.

Report this User

Report this user for behavior that violates our Community Guidelines.

Details: